000
00273nam a2200121 a 4500
005
20141022142004.0
008
080915s19uu xx 00 eng d
050
_a
VCD
_b
A2 2003
245
_a
American adobo.
650
_a
VCD.
650
_a
American adobo.
942
_c
AVM
999
_c
276425
_d
276425